Les coéquipiers de Ronaldo - Mort subite - Statistiques

Statistiques générales
  • Ce quiz a été pris 481 fois
    448 depuis la dernière actualisation
  • Le résultat moyen est 8 sur 17
Answers on the Grid
Answers color-coded by a green-red scale on the quiz's grid according to % correct below.
Messi
Mbappe
Neymar Jr
Benzema
Bale
Marcelo
Zidane
Buffon
Rooney
De Gea
Dybala
Haaland
De Bruyne
Griezmann
Gérard Piqué
Paul Pogba
Hazard
Totti
Rabiot
Alex Telles
Carlos Tévez
Navas
Anderson
Diogo Costa
Oblak
Busquets
Zlatan Ibrahimović
James Rodríguez
Hakimi
Sadio Mané
 
Statistiques - réponses
Réponse % Correct
Bale
71%
Benzema
71%
Marcelo
68%
James Rodríguez
61%
Navas
61%
Hakimi
59%
Rooney
57%
Dybala
55%
Buffon
45%
De Gea
44%
Gérard Piqué
39%
Alex Telles
38%
Rabiot
36%
Sadio Mané
33%
Diogo Costa
31%
Carlos Tévez
30%
Anderson
20%
Aucun quiz correspondant
Distribution des résultats
% des personnes avec chaque résultat
Percentile par nombre de réponses
Votre historique - résultats
Vous n’avez pas pris ce quiz depuis la dernière actualisation